[Event "ICS rated blitz match"]
[Site "204.178.125.65"]
[Date "2000.12.29"]
[Round "?"]
[White "shally"]
[Black "Hossa"]
[Result "0-1"]
[WhiteElo "2300"]
[BlackElo "2539"]
[PlyCount "62"]
[EventDate "2000.??.??"]

1. e4 c6 2. d4 d5 3. Nd2 dxe4 4. Nxe4 Nd7 5. Nf3 Ngf6 6. Ng3 Nb6 7. c3 g6 8.
Bd3 Bg7 9. O-O O-O 10. Qe2 Re8 11. Ne5 Nbd7 12. f4 e6 13. h3 c5 14. Be3 Nd5 15.
a3 Qh4 16. Kh2 cxd4 17. Bxd4 Nxf4 18. Rxf4 Qxf4 19. Rf1 Qh4 20. Nxf7 Bxd4 21.
cxd4 Qxd4 22. Ng5 Qe5 23. Nxh7 Qxe2 24. Bxe2 Kxh7 25. Rf7+ Kg8 26. Rf4 Rf8 27.
Rg4 Kg7 28. Bd3 Ne5 29. Rg5 Nxd3 30. Nh5+ Kh6 31. Rg3 Nf2 {shally resigns} 0-1

[Event "ICS rated blitz match"]
[Site "204.178.125.65"]
[Date "2000.12.29"]
[Round "?"]
[White "Hossa"]
[Black "shally"]
[Result "1-0"]
[WhiteElo "2545"]
[BlackElo "2294"]
[PlyCount "57"]
[EventDate "2000.??.??"]

1. d4 Nf6 2. Nf3 c5 3. d5 g6 4. Nc3 Bg7 5. d6 O-O 6. Bf4 e6 7. e4 Nh5 8. Be3
Qa5 9. Qd2 Nc6 10. Be2 f5 11. exf5 Rxf5 12. g4 Rxf3 13. Bxf3 Nf6 14. g5 Ne8 15.
Bf4 a6 16. Bg2 Qb4 17. O-O-O a5 18. Bg3 Ra6 19. a3 Qc4 20. Bf1 Bxc3 21. Bxc4
Bxd2+ 22. Rxd2 Ra8 23. Bxe6+ Kf8 24. Bd5 Nd4 25. Be5 Ng7 26. Re1 Nde6 27. Bxg7+
Kxg7 28. Bxe6 dxe6 29. d7 {shally resigns} 1-0

[Event "ICS rated blitz match"]
[Site "204.178.125.65"]
[Date "2000.12.29"]
[Round "?"]
[White "shally"]
[Black "Hossa"]
[Result "0-1"]
[WhiteElo "2288"]
[BlackElo "2551"]
[PlyCount "50"]
[EventDate "2000.??.??"]

1. e4 c5 2. c3 d5 3. exd5 Qxd5 4. d4 Nf6 5. Nf3 e6 6. Be3 cxd4 7. cxd4 Bb4+ 8.
Nc3 Qa5 9. Qb3 Bd7 10. a3 Nd5 11. Bd2 Bc6 12. Rc1 Be7 13. Bc4 Nxc3 14. Bxc3 Qh5
15. O-O Bxf3 16. gxf3 Qxf3 17. Rfe1 Bh4 18. Rc2 O-O 19. Re3 Qg4+ 20. Kh1 Nc6
21. Qxb7 Qd1+ 22. Re1 Qxc2 23. Qxc6 Rac8 24. Qa6 Bxf2 25. Rf1 Qe4# {
shally checkmated} 0-1

[Event "ICS Rated standard match"]
[Site "204.178.125.65"]
[Date "2000.12.29"]
[Round "?"]
[White "MAUDEVAN"]
[Black "Hossa"]
[Result "0-1"]
[WhiteElo "2060"]
[BlackElo "2298"]
[PlyCount "33"]
[EventDate "2000.??.??"]

1. e4 c6 2. d4 d5 3. Nc3 dxe4 4. Nxe4 e6 5. Nf3 f5 6. Bg5 Qb6 7. Ne5 fxe4 8.
Qh5+ g6 9. Nxg6 Qa5+ 10. c3 Nf6 11. Qh4 hxg6 12. Qxh8 Qxg5 13. Bc4 Qxg2 14.
O-O-O Qg5+ 15. Kb1 Qh6 16. Qxf6 Bg7 17. Qxg7 {MAUDEVAN resigns} 0-1

[Event "ICS rated standard match"]
[Site "204.178.125.65"]
[Date "2000.12.29"]
[Round "?"]
[White "Hossa"]
[Black "PostModernist"]
[Result "0-1"]
[WhiteElo "2304"]
[BlackElo "2306"]
[PlyCount "150"]
[EventDate "2000.??.??"]

1. d4 d5 2. c4 c6 3. Nf3 dxc4 4. e4 b5 5. Nc3 Nf6 6. a3 e6 7. Be2 Be7 8. O-O
O-O 9. Ne5 Bb7 10. Be3 Nbd7 11. f4 a5 12. Qc2 Re8 13. Bf3 a4 14. Nxf7 Kxf7 15.
e5 Qc7 16. exf6 Nxf6 17. Rae1 Kg8 18. g3 Rad8 19. Bf2 Bd6 20. Ne4 Nxe4 21. Qxe4
c3 22. bxc3 Bxa3 23. Re2 Bd6 24. Bg4 Bc8 25. Rfe1 a3 26. Qb1 Qf7 27. Qa2 b4 28.
f5 bxc3 29. fxe6 Qe7 30. Bh5 g6 31. Bf3 Ba6 32. Bxc6 Rf8 33. Rc2 Rb8 34. Be3
Rb2 35. Rxb2 axb2 36. Qxa6 c2 37. Qd3 Bb4 38. Qxc2 Bxe1 39. Qxb2 Qxe6 40. Qc1
Bb4 41. d5 Qf7 42. Bb5 Qf5 43. Bc4 Bd6 44. Qd1 Qe4 45. Bd4 Rb8 46. Qd2 Rb1+ 47.
Bf1 Qxd5 48. Qc3 Rd1 49. Qc8+ Bf8 50. Bf2 h5 51. Qe8 Kg7 52. Qb8 Qd3 53. Qb7+
Kh6 54. Qg2 g5 55. Ba7 g4 56. Qf2 Kg7 57. Qf4 Be7 58. Qf2 Bb4 59. Qf4 Kg6 60.
Bb6 Bd6 61. Qf2 h4 62. gxh4 Bxh2+ 63. Kxh2 Rxf1 64. h5+ Kh7 65. Qe3 Qc2+ 66.
Kg3 Rf3+ 67. Qxf3 gxf3 68. Bf2 Qe2 69. h6 Kxh6 70. Bd4 Kg5 71. Bf2 Kf5 72. Kh3
Qf1+ 73. Kh4 Qxf2+ 74. Kh3 Qg1 75. Kh4 Qh2# {Hossa checkmated} 0-1

[Event "ICS rated blitz match"]
[Site "204.178.125.65"]
[Date "2000.12.30"]
[Round "?"]
[White "Hossa"]
[Black "tonyredden"]
[Result "1-0"]
[WhiteElo "2557"]
[BlackElo "1935"]
[PlyCount "69"]
[EventDate "2000.??.??"]

1. d4 d5 2. e3 Bf5 3. Bd3 Bxd3 4. Qxd3 c6 5. c4 e6 6. Nf3 Nd7 7. cxd5 cxd5 8.
Nc3 a6 9. e4 dxe4 10. Qxe4 Ngf6 11. Qxb7 Be7 12. O-O O-O 13. Ne5 Bd6 14. Nc4
Bc7 15. d5 Nc5 16. Qc6 exd5 17. Qxc5 dxc4 18. Qxc4 Ba5 19. Bg5 Qb6 20. Qa4 Bxc3
21. bxc3 Nd5 22. Rac1 Rfc8 23. c4 Nc7 24. Rfd1 Qg6 25. Be7 Ne6 26. Qc2 Qg4 27.
f3 Qh5 28. Rd5 Qh6 29. Qd2 Qg6 30. Rd7 h6 31. c5 h5 32. c6 h4 33. c7 h3 34. g4
f5 35. Rd8+ {tonyredden forfeits on time} 1-0

[Event "ICS rated blitz match"]
[Site "204.178.125.65"]
[Date "2000.12.30"]
[Round "?"]
[White "tonyredden"]
[Black "Hossa"]
[Result "0-1"]
[WhiteElo "1934"]
[BlackElo "2558"]
[PlyCount "62"]
[EventDate "2000.??.??"]

1. e4 c6 2. d4 d5 3. e5 c5 4. c3 e6 5. Bb5+ Bd7 6. Bxd7+ Nxd7 7. Nf3 cxd4 8.
cxd4 Bb4+ 9. Bd2 Bxd2+ 10. Qxd2 Ne7 11. Nc3 O-O 12. Rc1 Nc6 13. O-O f6 14. Rfe1
fxe5 15. Nxe5 Ndxe5 16. dxe5 Qa5 17. f4 d4 18. Ne4 Qxd2 19. Nxd2 Rxf4 20. Nc4
Rd8 21. Rcd1 Rdf8 22. Nd6 Rf2 23. b4 Rxa2 24. b5 Rff2 25. bxc6 Rxg2+ 26. Kh1
Rxh2+ 27. Kg1 Rag2+ 28. Kf1 bxc6 29. Rxd4 Ra2 30. Rg4 h5 31. Rg1 Rhf2# {
tonyredden checkmated} 0-1

[Event "ICS rated blitz match"]
[Site "204.178.125.65"]
[Date "2000.12.30"]
[Round "?"]
[White "Hossa"]
[Black "tonyredden"]
[Result "1-0"]
[WhiteElo "2559"]
[BlackElo "1933"]
[PlyCount "33"]
[EventDate "2000.??.??"]

1. d4 c5 2. e4 cxd4 3. c3 dxc3 4. Nxc3 Nc6 5. Nf3 e5 6. Bc4 Nf6 7. Ng5 d5 8.
Nxd5 Na5 9. Nxf6+ Qxf6 10. Bxf7+ Ke7 11. Be3 Qxf7 12. Bc5+ Ke8 13. Nxf7 Kxf7
14. Bxf8 Rxf8 15. Qd5+ Be6 16. Qxa5 b6 17. Qxe5 {tonyredden resigns} 1-0

[Event "ICS Rated blitz match"]
[Site "204.178.125.65"]
[Date "2000.12.30"]
[Round "?"]
[White "nono"]
[Black "Hossa"]
[Result "0-1"]
[WhiteElo "2113"]
[BlackElo "2560"]
[PlyCount "42"]
[EventDate "2000.??.??"]

1. e4 c6 2. d4 b6 3. Nf3 Bb7 4. Bd3 d5 5. O-O dxe4 6. Bxe4 Nf6 7. Nc3 Nxe4 8.
Nxe4 e6 9. Bf4 Ba6 10. Re1 Be7 11. b3 O-O 12. c4 Nd7 13. Qc2 Bb4 14. Neg5 Nf6
15. Be5 g6 16. Re4 Nxe4 17. Qxe4 Qe7 18. Qh4 f6 19. Ne4 fxe5 20. Qxe7 Bxe7 21.
Nxe5 Bb7 {nono resigns} 0-1

[Event "ICS rated blitz match"]
[Site "204.178.125.65"]
[Date "2000.12.30"]
[Round "?"]
[White "Hossa"]
[Black "nono"]
[Result "1-0"]
[WhiteElo "2562"]
[BlackElo "2111"]
[PlyCount "81"]
[EventDate "2000.??.??"]

1. d4 d5 2. c4 c6 3. Nc3 e6 4. e4 dxe4 5. Nxe4 Bb4+ 6. Nc3 Nf6 7. a3 Bxc3+ 8.
bxc3 O-O 9. Nf3 c5 10. Ne5 Nc6 11. Nxc6 bxc6 12. Be2 cxd4 13. cxd4 c5 14. dxc5
Qa5+ 15. Bd2 Qc7 16. O-O Bb7 17. Be3 Rad8 18. Qa4 Bc6 19. Qc2 Ne4 20. Rfd1 f5
21. Bd3 Qe5 22. Re1 Qf6 23. f3 Ng5 24. Qe2 f4 25. Bf2 Qc3 26. Red1 Ba4 27. Qd2
Qf6 28. Re1 e5 29. Qe2 Rfe8 30. Rab1 Bc6 31. h4 Nf7 32. Qc2 Nh6 33. Bxh7+ Kh8
34. Rbd1 Rf8 35. Rxd8 Rxd8 36. Qg6 Qxg6 37. Bxg6 Rd2 38. Rxe5 Rd8 39. Re7 Ng8
40. Rxa7 Nf6 41. Rc7 {nono resigns} 1-0

[Event "ICS rated blitz match"]
[Site "204.178.125.65"]
[Date "2000.12.30"]
[Round "?"]
[White "nono"]
[Black "Hossa"]
[Result "1-0"]
[WhiteElo "2109"]
[BlackElo "2564"]
[PlyCount "67"]
[EventDate "2000.??.??"]

1. e4 c6 2. d4 d5 3. e5 c5 4. c3 e6 5. Nf3 Nc6 6. a3 cxd4 7. cxd4 Bd7 8. Nc3
Be7 9. b4 Rc8 10. Bb2 Nh6 11. Bd3 f6 12. O-O fxe5 13. dxe5 Ng4 14. Nb5 O-O 15.
Rc1 a6 16. Nd6 Ngxe5 17. Nxe5 Bxd6 18. Qh5 h6 19. Rxc6 bxc6 20. Qg6 Bxe5 21.
Bxe5 Qg5 22. Qh7+ Kf7 23. f4 Qg4 24. h3 Qg3 25. Rf3 Qe1+ 26. Kh2 Rg8 27. Rg3
Ra8 28. Rxg7+ Rxg7 29. Qxg7+ Ke8 30. Bd6 Qg3+ 31. Kxg3 Kd8 32. Qf8+ Be8 33.
Qe7+ Kc8 34. Qc7# {Hossa checkmated} 1-0

[Event "ICS rated blitz match"]
[Site "204.178.125.65"]
[Date "2000.12.30"]
[Round "?"]
[White "harimau"]
[Black "Hossa"]
[Result "1-0"]
[WhiteElo "2791"]
[BlackElo "2534"]
[PlyCount "141"]
[EventDate "2000.??.??"]

1. d4 d5 2. c4 e6 3. Nc3 c5 4. cxd5 exd5 5. Nf3 Nc6 6. g3 Nf6 7. Bg2 Be7 8. O-O
O-O 9. Bg5 cxd4 10. Nxd4 h6 11. Be3 Re8 12. Rc1 Bg4 13. h3 Bc8 14. Qd3 Nb4 15.
Qb1 Bd6 16. g4 Nc6 17. Rfd1 Nxd4 18. Bxd4 Be5 19. Bxe5 Rxe5 20. Qd3 Qb6 21. Qd4
Qxd4 22. Rxd4 h5 23. f4 Re8 24. g5 Ne4 25. Nxd5 Ng3 26. Nc3 Nf5 27. Rd3 Nh4 28.
Bd5 Rb8 29. e4 Be6 30. Kf2 Ng6 31. Bxe6 fxe6 32. Ke3 Rf8 33. Ne2 Rf7 34. Rcd1
Rbf8 35. Rd7 Re8 36. Rd8 Kf8 37. R8d6 Kg8 38. b4 Rfe7 39. a4 Kf7 40. Rc1 Kg8
41. Rc2 Kh7 42. Rcd2 b5 43. axb5 Rb7 44. b6 axb6 45. Rc6 b5 46. Rdd6 Ra7 47.
Rxe6 Ra3+ 48. Kd4 Rxe6 49. Rxe6 Rxh3 50. f5 Nh4 51. Nf4 Rh1 52. g6+ Kh6 53. Re8
Nf3+ 54. Ke3 Kg5 55. Ne6+ Kg4 56. f6 Re1+ 57. Kd3 Ne5+ 58. Kc2 Nd7 59. fxg7 Nf6
60. Rf8 Re2+ 61. Kd3 Rf2 62. Rxf6 Rxf6 63. g8=Q Rf1 64. Qf7 Rf3+ 65. Qxf3+ Kxf3
66. g7 h4 67. g8=Q Kf2 68. Nd4 Kf1 69. Qa2 h3 70. Qh2 Ke1 71. Qe2# {
Hossa checkmated} 1-0

[Event "ICS rated blitz match"]
[Site "204.178.125.65"]
[Date "2000.12.30"]
[Round "?"]
[White "Hossa"]
[Black "Geof"]
[Result "1-0"]
[WhiteElo "2528"]
[BlackElo "2344"]
[PlyCount "76"]
[EventDate "2000.??.??"]

1. e4 Nf6 2. e5 Nd5 3. d4 d6 4. Nf3 dxe5 5. Nxe5 g6 6. Bc4 c6 7. O-O Bg7 8. Re1
O-O 9. Bb3 Be6 10. Nd2 Nd7 11. Ndf3 Nxe5 12. Nxe5 Nc7 13. Bxe6 Nxe6 14. c3 Qd5
15. Nd3 Rfd8 16. Be3 Rd7 17. Qg4 Qf5 18. Qxf5 gxf5 19. Nf4 Nxf4 20. Bxf4 Rc8
21. Re3 e6 22. Rg3 Kf8 23. Rh3 Kg8 24. b4 Rd5 25. Re1 a5 26. Rg3 Kf8 27. bxa5
Rxa5 28. Bd6+ Kg8 29. Be5 Rxe5 30. dxe5 Ra8 31. Re2 Ra5 32. f4 Kf8 33. Rd3 Ke7
34. Red2 Rd5 35. c4 Rxd3 36. Rxd3 f6 37. Rb3 fxe5 38. Rxb7+ Kf8 {Geof resigns}
1-0

[Event "ICS rated blitz match"]
[Site "204.178.125.65"]
[Date "2001.01.01"]
[Round "?"]
[White "Hossa"]
[Black "PostModernist"]
[Result "1-0"]
[WhiteElo "2536"]
[BlackElo "2560"]
[PlyCount "125"]
[EventDate "2001.??.??"]

1. e4 e6 2. d4 d5 3. Nc3 dxe4 4. Nxe4 c5 5. dxc5 Qxd1+ 6. Kxd1 Nf6 7. Nxf6+
gxf6 8. Be3 Nc6 9. Nf3 Bd7 10. Kc1 O-O-O 11. Bc4 Kb8 12. Rd1 Be7 13. Kb1 Na5
14. Be2 Rhg8 15. g3 Nc6 16. Bd3 Rh8 17. c3 e5 18. Kc2 Na5 19. b3 Bg4 20. Be4
Rxd1 21. Rxd1 f5 22. Bd5 e4 23. Nd2 Bxd1+ 24. Kxd1 Rf8 25. Bf4+ Kc8 26. b4 Nc6
27. Nc4 Rd8 28. Nd6+ Bxd6 29. cxd6 Rd7 30. g4 fxg4 31. Bxe4 Ne7 32. c4 Ng6 33.
Bg3 h5 34. h4 gxh3 35. Bf5 h4 36. Bh2 Nf8 37. Bxd7+ Kxd7 38. Ke2 Ne6 39. Kd3 f5
40. Ke3 b6 41. Kf3 a5 42. bxa5 bxa5 43. Ke3 Kc6 44. a4 Kd7 45. Kf3 Ke8 46. Ke3
Kf7 47. Kd3 Kf6 48. Kc3 Nc5 49. Kd4 Na6 50. c5 Nb4 51. Kc4 Ke6 52. Kb5 f4 53.
Bxf4 Kd7 54. Bh2 Nc6 55. f3 Nd4+ 56. Kb6 Nc6 57. f4 Nb4 58. f5 Nd5+ 59. Kb7 Nb4
60. f6 Nc6 61. Kb6 Nd4 62. f7 Ne6 63. c6+ {PostModernist resigns} 1-0

[Event "ICS rated blitz match"]
[Site "204.178.125.65"]
[Date "2001.01.01"]
[Round "?"]
[White "PostModernist"]
[Black "Hossa"]
[Result "1-0"]
[WhiteElo "2543"]
[BlackElo "2553"]
[PlyCount "53"]
[EventDate "2001.??.??"]

1. d4 d5 2. Nf3 Nf6 3. e3 c6 4. Bd3 e6 5. Nbd2 c5 6. b3 cxd4 7. exd4 Bb4 8. Bb2
Ne4 9. O-O Nc3 10. Qe1 Nc6 11. Qe3 Qc7 12. a3 Ba5 13. b4 Nxb4 14. axb4 Bxb4 15.
Rfe1 b6 16. Ba3 Bxa3 17. Rxa3 Bd7 18. Ne5 Nb5 19. Rb3 Nd6 20. Qg3 O-O 21. Bxh7+
Kh8 22. Qh3 Rfd8 23. Rf3 g5 24. Nxf7+ Nxf7 25. Bg6+ Kg7 26. Rxf7+ Kxg6 27. Qh7#
{Hossa checkmated} 1-0

[Event "ICS rated standard match"]
[Site "204.178.125.65"]
[Date "2001.01.01"]
[Round "?"]
[White "Tinker"]
[Black "Hossa"]
[Result "0-1"]
[WhiteElo "2338"]
[BlackElo "2288"]
[PlyCount "148"]
[EventDate "2001.??.??"]

1. e4 e6 2. d4 d5 3. Nc3 Bb4 4. e5 c5 5. a3 Bxc3+ 6. bxc3 Ne7 7. Nf3 Qc7 8. a4
Nbc6 9. Ba3 Qa5 10. Qd2 cxd4 11. cxd4 Qxd2+ 12. Kxd2 Nf5 13. Bb5 Bd7 14. Rhb1
b6 15. c3 Na5 16. Ke1 Bxb5 17. axb5 Nc4 18. Bb4 Kd7 19. Ra2 Kc7 20. Rba1 Kb7
21. Kf1 h5 22. Kg1 Rhc8 23. Ra6 Nb2 24. Ne1 Nc4 25. Kh1 g5 26. Nf3 g4 27. Ng5
Rc7 28. R1a2 Na5 29. g3 Nb3 30. Kg1 h4 31. gxh4 Nxh4 32. Kf1 Nf5 33. h3 gxh3
34. Nxh3 Nbxd4 35. cxd4 Nxd4 36. Nf4 Rc1+ 37. Be1 Nxb5 38. Ng2 Rh8 39. f4 Rh2
40. Ra1 Rh1+ 41. Kf2 Rc2+ 42. Kg3 Rc8 43. R6a2 Rf1 44. Bf2 Rg8+ 45. Kh3 Rxa1
46. Rxa1 Nc3 47. Be3 Ne4 48. Rb1 Rh8+ 49. Nh4 Rh7 50. Rb2 Kc6 51. Bd4 Kc7 52.
Kg4 Rg7+ 53. Kh3 Rg3+ 54. Kh2 Kc6 55. Rc2+ Kb7 56. Ng2 Rd3 57. Bg1 Nd2 58. Ne1
Nf3+ 59. Nxf3 Rxf3 60. Rf2 Rxf2+ 61. Bxf2 a5 62. Be1 Kc6 63. Kg2 a4 64. Bb4 Kb5
65. Bd6 Kc4 66. Kf3 Kb3 67. Bc7 b5 68. Bb6 a3 69. Be3 b4 70. f5 Kc4 71. Bc1 Kc3
72. Ke2 a2 73. Bh6 b3 74. Bd2+ Kc2 {Tinker resigns} 0-1

[Event "ICS rated blitz match"]
[Site "204.178.125.65"]
[Date "2001.01.01"]
[Round "?"]
[White "PostModernist"]
[Black "Hossa"]
[Result "1-0"]
[WhiteElo "2560"]
[BlackElo "2537"]
[PlyCount "77"]
[EventDate "2001.??.??"]

1. d4 e6 2. e4 Nc6 3. Nc3 d5 4. e5 a6 5. a3 Nge7 6. Nf3 Nf5 7. Bf4 Be7 8. Qd2
Bd7 9. g4 Nh4 10. Nxh4 Bxh4 11. g5 b6 12. O-O-O b5 13. Rg1 Ne7 14. Bd3 Qb8 15.
Be3 b4 16. axb4 Qxb4 17. Qe2 Rb8 18. Rde1 Qxb2+ 19. Kd2 Rb3 20. Nd1 Qa2 21. Nc3
Rxc3 22. Kxc3 Qa5+ 23. Kb2 Nf5 24. Bxf5 exf5 25. Qh5 f4 26. Qxh4 fxe3 27. Rxe3
Bc8 28. g6 fxg6 29. Rxg6 Qb5+ 30. Rb3 Qd7 31. e6 Qd8 32. e7 Qd7 33. Rxg7 h5 34.
Qf6 Qe6 35. Qxe6 Bxe6 36. Rb8+ Kd7 37. e8=Q+ Kd6 38. Qe7+ Kc6 39. Qxe6# {
Hossa checkmated} 1-0

[Event "ICS rated blitz match"]
[Site "204.178.125.65"]
[Date "2001.01.01"]
[Round "?"]
[White "Hossa"]
[Black "Curioso"]
[Result "1-0"]
[WhiteElo "2522"]
[BlackElo "1975"]
[PlyCount "23"]
[EventDate "2001.??.??"]

1. d4 b6 2. c4 Bb7 3. Nf3 d6 4. Nc3 Nd7 5. e4 e5 6. Bd3 exd4 7. Nxd4 Ngf6 8.
Qa4 g6 9. Nc6 Qc8 10. Be3 Bg7 11. f3 O-O 12. Ne7+ {Curioso resigns} 1-0

[Event "ICS rated blitz match"]
[Site "204.178.125.65"]
[Date "2001.01.01"]
[Round "?"]
[White "Curioso"]
[Black "Hossa"]
[Result "0-1"]
[WhiteElo "1974"]
[BlackElo "2523"]
[PlyCount "50"]
[EventDate "2001.??.??"]

1. b3 d5 2. Bb2 c5 3. e3 Nc6 4. Bb5 a6 5. Bxc6+ bxc6 6. Nf3 f6 7. O-O e5 8. d4
cxd4 9. exd4 e4 10. Nfd2 Nh6 11. c4 Be6 12. cxd5 cxd5 13. Nc3 Bd6 14. g3 O-O
15. Qe2 Qb6 16. Qe3 Nf5 17. Qe2 Nxd4 18. Qh5 g6 19. Qd1 Qa7 20. Na4 Nb5 21. Rc1
Bh3 22. Re1 Rad8 23. Nc3 Bc5 24. Re2 Bxf2+ 25. Kh1 Bg4 {Curioso resigns} 0-1

[Event "ICS rated blitz match"]
[Site "204.178.125.65"]
[Date "2001.01.01"]
[Round "?"]
[White "Hossa"]
[Black "Curioso"]
[Result "1-0"]
[WhiteElo "2524"]
[BlackElo "1973"]
[PlyCount "21"]
[EventDate "2001.??.??"]

1. e4 b6 2. d4 Bb7 3. Nc3 e6 4. Bd3 Bb4 5. Nf3 d5 6. exd5 exd5 7. O-O Ne7 8.
Bf4 Nd7 9. Nb5 Rc8 10. a3 a6 11. Nxc7+ {Curioso resigns} 1-0

[Event "ICS rated blitz match"]
[Site "204.178.125.65"]
[Date "2001.01.01"]
[Round "?"]
[White "sc-heerenveen"]
[Black "Hossa"]
[Result "0-1"]
[WhiteElo "2182"]
[BlackElo "2525"]
[PlyCount "60"]
[EventDate "2001.??.??"]

1. d4 g6 2. Nc3 d5 3. e4 dxe4 4. Nxe4 Bg7 5. Nf3 Bg4 6. c3 Qd5 7. Bd3 Nf6 8.
Nxf6+ Bxf6 9. Be2 Nd7 10. h3 Bf5 11. O-O Nb6 12. Bf4 O-O-O 13. c4 Qe4 14. Be3
h6 15. c5 Nd5 16. Qb3 c6 17. Rfd1 Be6 18. Qa3 Nxe3 19. fxe3 Bd5 20. Bf1 Kb8 21.
b4 e5 22. b5 cxb5 23. Bxb5 exd4 24. exd4 Qf4 25. Nh2 Bxd4+ 26. Kh1 Bxa1 27.
Rxa1 Bxg2+ 28. Kxg2 Rd2+ 29. Kg1 Qxh2+ 30. Kf1 Qf2# {sc-heerenveen checkmated}
0-1